00341nam a2200121Ia 4500008004100000082002000041100001700061245002100078260002900099300001000128630001800138650006300156211109s9999||||xx |||||||||||||| ||und|| a894.8123bURI-T aUrippidies,  0aTrogan Sthreekal bDC BooksaKottayamc1961 a138p. xGeneral Stack aMalayalam literaturevMalayalam dramaLiteraturexGeneralia